| 000 | 006440000a22001810004500 | ||
|---|---|---|---|
| 090 | _aSeriadas | ||
| 245 | 1 | 0 | _aVentajas , desventajas y aplicabilidad de distintos modelos en conservación del ambiente y la biodiversidad, desde una perspectiva territorial |
| 260 | _c2006 | ||
| 044 | _aColombia | ||
| 041 | 0 | _aEspañol | |
| 690 |
_aConservación de biodiversidad _9345 |
||
| 690 |
_aAreas protegidas _978 |
||
| 690 |
_aPlanificación territorial _9100586 |
||
| 690 |
_aEstrategias de conservación _992602 |
||
| 100 | 1 |
_aCamargo Ponce de León, German _99871 |
|
| 942 | _cARTICULO | ||
| 773 | 1 |
_tAmbiente y desarrollo _h17/18 _q11-39 _d2005/2006 |
|
| 999 |
_c16315 _d16315 |
||